Foot: Clubs Français en 1/2 finale d'une Coupe d'Europe (Mort subite) - Statistiques

Statistiques générales
  • Ce quiz a été pris 257 fois
  • Le résultat moyen est 7 sur 12
Answers on the Grid
Answers color-coded by a green-red scale on the quiz's grid according to % correct below.
Paris SG
FC Nantes
Girondins de Bordeaux
AS Monaco
AS Saint-Etienne
RC Lens
AJ Auxerre
FC Sochaux-Montbéliard
Stade de Reims
Olympique Lyonnais
Olympique de Marseille
SC Bastia
Lille OSC
RC Strasbourg
OGC Nice
FC Metz
RC Paris
Toulouse FC
Red Star
AS Nancy-Lorraine
Stade Lavallois
Stade Rennais
Angers SCO
Nîmes Olympique
Montpellier HSC
 
Statistiques - réponses
Réponse % Correct
Paris SG
90%
AS Monaco
86%
Olympique de Marseille
83%
Olympique Lyonnais
80%
AS Saint-Etienne
69%
Stade de Reims
69%
Girondins de Bordeaux
62%
FC Nantes
54%
AJ Auxerre
38%
SC Bastia
30%
FC Sochaux-Montbéliard
18%
RC Lens
18%
Aucun quiz correspondant
Distribution des résultats
% des personnes avec chaque résultat
Percentile par nombre de réponses
Votre historique - résultats
Vous n’avez pas pris ce quiz